Vybrané aspekty konkurencieschopnosti a tvorby hodnoty podnikov

Vymedzenie pojmu konkurencieschopnosť. Konkurencieschopnosť - základný predpoklad tvorby hodnoty podniku. Hodnotenie konkurencieschopnosti podnikov na Slovensku. Analýza faktorov konkurencieschopnosti podnikov v Slovenskej republike.

Enregistré dans:
Détails bibliographiques
Auteur principal: Kissová, Jana, 1979-
Format: Chapitre de livre
Langue:slovaque
Sujets:
Tags: Ajouter un tag
Pas de tags, Soyez le premier à ajouter un tag!

MARC

LEADER 00000naa$a2200000$$$4500
001 0124497
005 20240502072416.9
041 0 |a slo 
044 |a SK 
245 1 0 |a Vybrané aspekty konkurencieschopnosti a tvorby hodnoty podnikov  |c Jana Kissová 
520 |a Vymedzenie pojmu konkurencieschopnosť. Konkurencieschopnosť - základný predpoklad tvorby hodnoty podniku. Hodnotenie konkurencieschopnosti podnikov na Slovensku. Analýza faktorov konkurencieschopnosti podnikov v Slovenskej republike. 
610 2 0 |a konkurencieschopnosť 
610 2 0 |a výhody konkurenčné 
610 2 0 |a hodnota 
610 2 0 |a podnik 
610 2 0 |a Slovensko 
100 1 |a Kissová, Jana, 1979-